Countries that Experienced Genocide - Statistics

General Stats
  • This quiz has been taken 34 times
  • The average score is 7 of 10
Answer Stats
Hint Answer % Correct
(1994) Rwanda
93%
(1933-1945) Germany
87%
(1915) Armenia
83%
(1975-1979) Cambodia
80%
(1992-1995) Bosnia and Herzegovina
77%
(1988),(2014) Iraq
73%
(2003-present) Sudan
70%
(2017) Myanmar
63%
(1932–1933) Ukraine
63%
(1904–1908) Namibia
27%
No matching quizzes found
Score Distribution
Percent of People with Each Score
Percentile by Number Answered
Your Score History
You have not taken this quiz